[Event "Thessaloniki Kalamaria op 2nd"]
[Site "Thessaloniki"]
[Date "2005.09.02"]
[Round "3"]
[White "Kotronias, Vasilios"]
[Black "Busios, Hristos"]
[Result "1-0"]
[WhiteElo "2587"]
[BlackElo "2098"]
[PlyCount "63"]
[EventDate "2005.08.31"]
[EventType "swiss"]
[EventRounds "6"]
[EventCountry "GRE"]
[SourceTitle "CBM 108 Extra"]
[Source "ChessBase"]
[SourceDate "2005.11.04"]
[SourceVersion "1"]
[SourceVersionDate "2005.11.04"]
[SourceQuality "1"]

1. e4 c5 2. Nf3 e6 3. d4 cxd4 4. Nxd4 Nf6 5. Nc3 Nc6 6. Nxc6 bxc6 7. e5 Nd5 8. Ne4 f5 9. exf6 Nxf6 10. Nd6+ Bxd6 11. Qxd6 Ba6 12. Bxa6 Qa5+ 13. c3 Qxa6 14. Bg5 Rf8 15. Rd1 Rd8 16. Rd3 Qxa2 17. 0-0 Qa5 18. Rg3 Qf5 19. Qc7 a6 20. Qa7 Ne4 21. Bxd8 Nxg3 22. hxg3 Kxd8 23. Qxa6 Qc2 24. Qb6+ Ke7 25. Qc5+ Kf7 26. Qd4 d5 27. Qa7+ Kg6 28. Qe7 Rf6 29. Qe8+ Kh6 30. f4 Qe2 31. Rf3 Qxb2 32. g4 1-0